Loading...
| Fine Arts - Other | 0 | 4 | 0 | 0 | 40 | 96 | 123.00 | 0 | 0 | 3.19 | 9.34 |
| History - Other | 0 | 3 | 0 | 0 | 30 | 52 | 80.00 | 1 | 2 | 12.54 | 23.15 |
| History - American | 0 | 3 | 0 | 0 | 30 | 83 | 93.00 | 0 | 0 | 8.78 | 13.89 |
| History - World | 0 | 2 | 0 | 0 | 20 | 87 | 88.00 | 0 | 2 | 7.01 | 16.50 |
| Science - Chemistry | 0 | 2 | 0 | 1 | 20 | 100 | 108.00 | 0 | 0 | 0.66 | 7.41 |
| Social Science | 0 | 2 | 0 | 0 | 20 | 40 | 80.00 | 1 | 1 | 7.03 | 11.11 |
| Literature - World | 0 | 1 | 0 | 0 | 10 | 152 | 152.00 | 0 | 0 | 0.00 | 2.78 |
| Literature - European | 0 | 1 | 0 | 0 | 10 | 148 | 148.00 | 0 | 0 | 0.00 | 0.93 |
| Mythology | 0 | 1 | 0 | 0 | 10 | 109 | 109.00 | 0 | 0 | 1.72 | 1.85 |
| Science - Physics | 0 | 1 | 1 | 1 | 5 | 105 | 105.00 | 0 | 0 | 0.51 | 3.70 |
| Popular Culture | 0 | 0 | 0 | 0 | 0 | 0.00 | 0 | 0 | 0.00 | 0.00 | |
| Literature - British | 0 | 0 | 1 | 0 | -5 | 0.00 | 0 | 0 | 0.00 | 0.00 | |
| Geography | 0 | 0 | 1 | 0 | -5 | 0.00 | 0 | 0 | 0.00 | 0.00 | |
| History - European | 0 | 0 | 1 | 0 | -5 | 0.00 | 0 | 0 | 0.00 | 0.00 | |
| Literature - American | 0 | 0 | 1 | 0 | -5 | 0.00 | 0 | 0 | 0.00 | 0.00 | |
| Current Events | 0 | 0 | 1 | 0 | -5 | 0.00 | 0 | 0 | 0.00 | 0.00 | |
| Other Academic | 0 | 0 | 1 | 0 | -5 | 0.00 | 0 | 0 | 0.00 | 0.00 |